1641 1619 1087 1460 1977 1118 1914 1459 1713 1894 1955 1836 1297 1340 1241 1838 1662 1788 1524 1543 1716 1997 1681 1150 1865 1523 1588 1547 1539 1649 1002 1663 1943 1413 1698 1967 1618 1043 1419 1694 1237 1102 1575 1710 1537 1895 1845 1204 1006 1253 1574 1118 1184 1492 1355 1887 1401 1417 1639 1090 1486 1716 1541 1118 1537 1253 1593 1303 1533 1379 1980 1481 1254 1358 1026 1069 1433 1843 1705 1522 1332 1353 1146 1702 1450 1569 1346 1812 1949 1494 1617 1486 1348 1024 1289 1294 1322 1547 1302 BCNSPRNW ULIB Ver.6.0+V

เปลี่ยนเป็นภาษาไทย

Change to English
 แสดงรายละเอียดบรรณานุกรม
  กลับหน้าหลัก

Brief Record : Get Marc (ISO 2709) : E-mail record : QR code < ปิดหน้าต่าง
LEADER : 00000nam 2200000uu 4500
001    13399113994
003     ULIB
008    110627s||||||||th 000 0 tha d
020    9789747503104
090    นว.^bว859ห 2550
100 0  วีสาม & bookmark
245 00 หัวใจปลายพู่กัน/^cวีสาม & bookmark
250    พิมพ์ครั้งที่ 2
260    กรุงเทพฯ :^bแจ่มใส,^c2550
300    292 หน้า
710 1  แจ่มใส
945    ^p199^l0^i021724
995    ทศพร
999 ^a ใช้งานได้ทุกระบบ
รายการนี้ยังไม่มีแท็ก
คุณยังไม่ได้ล็อกอิน คุณสามารถมีกิจกรรมร่วมกับเว็บไซต์ได้ แต่ต้องล็อกอินก่อน ::
  ล็อกอิน

รายการสื่อสารสนเทศ

ลำดับที่ ประเภท เลขเรียก/บาร์โค้ด สถานที่ สถานะ
1. นวนิยาย
นวนิยาย
นว. ว859ห 2550 ฉ.1 
  Barcode: 021724
ห้องสมุดวิทยาเขตสวรรค์ประชารักษ์
►นวนิยาย
บนชั้น
  ขอยืม

BibComment


ยังไม่เคยถูกคอมเมนท์

คอมเมนท์ทรัพยากรรายการนี้
  คอมเมนท์: หัวใจปลายพู่กัน ว..


 Copyright 2026. Bcnsprnw @Library